00658nam a2200193Ia 4500008004100000020001800041082001800059100001800077245004100095250000600136260002800142300001600170500002400186650001000210942000700220952009800227952012200325999001700447230524s9999 xx 000 0 und d a9780198068815 a624.1821bSUB aN.Subramanian 0aSteel Structures Design and Practice a1 aNew DelhibOxfordc2012 a"xiv,763p;" aQuantity Number: 2 aCivil cBK 00104070aTATCLbTATCLcGENd2023-05-24l0o624.1821 SUBp52990r2023-05-24w2023-05-24yBK 00104070aTATCLbTATCLcGENd2023-05-24l1o624.1821 SUBp52991q2016-09-15r2024-01-25s2024-01-25w2023-05-24yBK c55771d55771